Comparative study of the National Information System in Education in U.K. and U.S.A. with a view to developing a model for India (Record no. 11825)
[ view plain ]
| 000 -LEADER | |
|---|---|
| fixed length control field | 00678nam a2200181Ia 4500 |
| 082 ## - DEWEY DECIMAL CLASSIFICATION NUMBER | |
| Classification number | TV.0071 |
| 100 ## - MAIN ENTRY--AUTHOR NAME | |
| Personal name | Verma, Sunder Lal |
| 245 #0 - TITLE STATEMENT | |
| Title | Comparative study of the National Information System in Education in U.K. and U.S.A. with a view to developing a model for India |
| 260 ## - PUBLICATION, DISTRIBUTION, ETC. (IMPRINT) | |
| Year of publication | 1989 |
| Name of publisher | University of Delhi |
| 300 ## - PHYSICAL DESCRIPTION | |
| Number of Pages | 470p. + C D-2 |
| 650 ## - SUBJECT ADDED ENTRY--TOPICAL TERM | |
| Topical Term | INFORMATION NETWORKS - INDIA |
| 650 ## - SUBJECT ADDED ENTRY--TOPICAL TERM | |
| Topical Term | EDUCATION - INFORMATION SERVICES - UNITED STATES |
| 650 ## - SUBJECT ADDED ENTRY--TOPICAL TERM | |
| Topical Term | EDUCATION - INFORMATION SERVICES - INDIA |
| 650 ## - SUBJECT ADDED ENTRY--TOPICAL TERM | |
| Topical Term | EDUCATION - INFORMATION SERVICES - UNITED KINGDOM |
| 650 ## - SUBJECT ADDED ENTRY--TOPICAL TERM | |
| Topical Term | INFORMATION SERVICES///INFORMATION NETWORKS |
| 710 ## - ADDED ENTRY--CORPORATE NAME | |
| Corporate name or jurisdiction name as entry element | Aggarwal, D.S. |
| 942 ## - ADDED ENTRY ELEMENTS (KOHA) | |
| Koha item type | Thesis |
| Source of classification or shelving scheme | Dewey Decimal Classification |
| Withdrawn status | Lost status | Damaged status | Not for loan | Home library | Current library | Date acquired | Bill Date | Full call number | Accession Number | Price effective from | Koha item type |
|---|---|---|---|---|---|---|---|---|---|---|---|
| NASSDOC Library | NASSDOC Library | 08/10/2004 | 2008-12-30 | TV.0071 | 30764 | 18/04/2019 | Thesis |
